000 00533nam a2200169 i 4500
001 87262
003 ES-MaACL
005 20230906175631.0
007 t|
008 041220s1944 sp ||||1| spa d
100 1 _aKronberg, Max.
_968888
245 1 3 _aEl fuego mágico
_b: la vida azarosa de Ricardo Wagner /
_cMax Kronberg ; versión española por J. Riera Sicart.
260 _aBarcelona :
_bOrbis,
_c[1944] (
_fMyria)
300 _a311 p. ;
_c19 cm.
700 1 _aRiera Sicart, J.
_997135
852 _aES-MaACL
_jF-16354
_bR.21359
999 _c87262
_d87262